Statistics for Marvel Arch-Enemies

Click here to take the quiz!

General Stats

  • This quiz has been taken 128 times
  • The average score is 8 of 15

Answer Stats

HintAnswer% Correct
ThorLoki
93%
Spider-ManNorman Osborn
86%
Fantastic FourDr Doom
85%
WolverineSabretooth
84%
Captain AmericaRed Skull
81%
DaredevilKingpin
76%
Iron ManMandarin
67%
Doctor StrangeDormammu
55%
Black PantherKlaw
39%
HulkLeader
37%
PunisherJigsaw
29%
X-MenBrotherhood of Evil Mutants
26%
BladeDeacon Frost
19%
Hank PymEgghead
19%
Nick FuryBaron Von Strucker
10%

Score Distribution

Percentile by Number Answered

Percent of People with Each Score

Your Score History

You have not taken this quiz